LEADER 01108cam0-2200349---450- 001 990008336220403321 005 20060724105500.0 010 $a88-14-08889-6 035 $a000833622 035 $aFED01000833622 035 $a(Aleph)000833622FED01 035 $a000833622 100 $a20060530d2005----km-y0itay50------ba 101 0 $aita 102 $aIT 105 $ay-------001yy 200 1 $aDizionario bibliografico delle riviste giuridiche italiane di Vincenzo Napoletano$e2002$fGuido Napoletano 210 $aMilano$cGiuffrè$d2005 215 $aXXXI, 918 p.$d24 cm 300 $aIn appendice : Consultazione elettronica degli anni 1996-2001. I volumi giuridici dell'anno 676 $a016.34 702 1$aNapoletano,$bVincenzo 702 1$aNapoletano,$bGuido 801 0$aIT$bUNINA$gRICA$2UNIMARC 901 $aBK 912 $a990008336220403321 952 $aXXIII 3(42)$b6558$fDDCIC 952 $aDIZ.NAP.-42$b13917$fDDRC 959 $aDDCIC 959 $aDDRC 996 $aDizionario bibliografico delle riviste giuridiche italiane di Vincenzo Napoletano$9721373 997 $aUNINA LEADER 01147nam--2200373---450- 001 990003669340203316 005 20120611110901.0 010 $a978-88-96343-07-4 035 $a000366934 035 $aUSA01000366934 035 $a(ALEPH)000366934USA01 035 $a000366934 100 $a20120611d2010----km-y0itay50------ba 101 $aita 102 $aIT 105 $a||||||||001yy 200 1 $aIntroduzione alla finanza mutualistica$fAgostino La Rana 210 $a[Roma]$cISICOOP$d2010 215 $a189 p.$d24 cm 225 2 $aQuaderni di ricerca sull'impresa cooperativa$v8 410 0$12001$aQuaderni di ricerca sull'impresa cooperativa$v, 8 606 0 $aFinanza etica$2BNCF 676 $a332.6712 700 1$aLA RANA,$bAgostino$0503589 801 0$aIT$bsalbc$gISBD 912 $a990003669340203316 951 $a332.671 LAR 1$b20066 E.C.$c332.671$d00311502 959 $aBK 969 $aECO 979 $aCHIARA$b90$c20120611$lUSA01$h1108 979 $aCHIARA$b90$c20120611$lUSA01$h1108 979 $aCHIARA$b90$c20120611$lUSA01$h1109 996 $aIntroduzione alla finanza mutualistica$91141238 997 $aUNISA